Soil Mechanics and Foundations / (Record no. 2882)

MARC details
000 -LEADER
fixed length control field 01361nac a22002531u 4500
008 - FIXED-LENGTH DATA ELEMENTS--GENERAL INFORMATION
fixed length control field 100907t xxu||||| |||| 00| 0 eng d
010 ## - LIBRARY OF CONGRESS CONTROL NUMBER
LC control number 99050184
020 ## - INTERNATIONAL STANDARD BOOK NUMBER
International Standard Book Number 0471431176
020 ## - INTERNATIONAL STANDARD BOOK NUMBER
International Standard Book Number 9780471431176
082 00 - DEWEY DECIMAL CLASSIFICATION NUMBER
Classification number 624.15
Item number BUD
100 ## - MAIN ENTRY--PERSONAL NAME
Personal name Budhu, M.
9 (RLIN) 18622
245 10 - TITLE STATEMENT
Title Soil Mechanics and Foundations /
Statement of responsibility, etc Muni Budhu.
260 ## - PUBLICATION, DISTRIBUTION, ETC. (IMPRINT)
Place of publication, distribution, etc New York :
Name of publisher, distributor, etc Wiley,
Date of publication, distribution, etc c2000.
300 ## - PHYSICAL DESCRIPTION
Extent xxv, 586 :
Other physical details ill. ;
Dimensions 27 cm. +
Accompanying material 1 computer laser optical disc (4 3/4 in.)
504 ## - BIBLIOGRAPHY, ETC. NOTE
Bibliography, etc Includes bibliographical references (p. 573-577).
538 ## - SYSTEM DETAILS NOTE
System details note System requirements for accompanying computer disc: Windows-compatible PC running Windows 95, 98, or NT 4.0; Pentium 90, 16MB RAM, 10MB free hard disk space, VGA graphic; 4X CD-ROM drive, sound card and speakers.
650 #0 - SUBJECT ADDED ENTRY--TOPICAL TERM
Topical term or geographic name as entry element Soil mechanics.
9 (RLIN) 18623
650 #0 - SUBJECT ADDED ENTRY--TOPICAL TERM
Topical term or geographic name as entry element Foundations.
9 (RLIN) 18624
856 42 - ELECTRONIC LOCATION AND ACCESS
Materials specified Publisher description
Uniform Resource Identifier <a href="http://www.loc.gov/catdir/description/wiley033/99050184.html">http://www.loc.gov/catdir/description/wiley033/99050184.html</a>
856 42 - ELECTRONIC LOCATION AND ACCESS
Materials specified Table of Contents only
Uniform Resource Identifier <a href="http://www.loc.gov/catdir/toc/onix04/99050184.html">http://www.loc.gov/catdir/toc/onix04/99050184.html</a>
856 42 - ELECTRONIC LOCATION AND ACCESS
Materials specified Contributor biographical information
Uniform Resource Identifier <a href="http://www.loc.gov/catdir/enhancements/fy0607/99050184-b.html">http://www.loc.gov/catdir/enhancements/fy0607/99050184-b.html</a>
942 ## - ADDED ENTRY ELEMENTS (KOHA)
Item type Book - Borrowing
Call number prefix 624.15BUD
Source of classification or shelving scheme Dewey Decimal Classification
Holdings
Withdrawn status Item status Source of classification or shelving scheme Damaged status Not for loan Vendor Home library Current library Shelving location Date acquired Source of acquisition Total Checkouts Total Renewals Full call number Barcode Date last seen Date last borrowed Koha item type
    Dewey Decimal Classification       Central Library Central Library First floor 07/09/2010   1 2 624.15 BUD 000001356 15/07/2025 13/12/2011 Book - Borrowing